LA IGLESIA OBRA POR MEDIO DE SUS SANTOS /

TRADUCCION DE: L'EGLISE AGIT PAR SES SAINTS

Guardado en:
Detalles Bibliográficos
Autor principal: Cluny, Roland (autor)
Formato: Libro
Colección:YO SE - YO CREO; 97
Temas:
Etiquetas: Agrega una etiqueta
Sin etiquetas, Sé el primero en etiquetar este registro!

MARC

LEADER 00000nam^a2200000^a^4500
001 000229027
005 20250521000000.0
009 20260310104347.365
035 |a 048894 
037 |a Acervo Xavier Clavigero 
082 |a 270. 092  |b CLU 
100 |a Cluny, Roland  |e (autor) 
245 1 3 |a LA IGLESIA OBRA POR MEDIO DE SUS SANTOS /  |c ROLAND CLUNY; TR. PEDRO ROCA GARRIGA 
264 |a Andorra la Vieja, Andorra :  |b Casal i Vall,  |c 1964 
300 |a 149p. 
336 |a texto  |b txt  |2 rdacontenido 
337 |a sin mediación  |b n  |2 rdamedio 
338 |a volumen  |b nc  |2 rdasoporte 
440 |a YO SE - YO CREO;  |v 97 
520 |a TRADUCCION DE: L'EGLISE AGIT PAR SES SAINTS 
649 |a XX 
650 |a Santos 
910 |a Fondo General 
920 |a Impresos - Libros 
930 |a Colección General 
905 |a 101 
901 |a 048894  |b IT1  |c ACC  |i 048894  |u 20250521 
902 |a https://opac.biblio.iteso.mx/vufind/Record/000229027